ADVANCED learner's dictionary of agriculture

Bibliographic Details
Format: Book
Published: New Delhi : Anmol Pub. , 2000
Subjects:

MARC

LEADER 00000cam a2200000 7i4500
001 0000001197
005 20140130.0
020 0 0 |a 8126104864 
090 0 0 |a R630.03   |b ADV 2000 
245 0 0 |a ADVANCED learner's dictionary of agriculture 
260 0 0 |a New Delhi :   |b Anmol Pub. ,   |c 2000 
300 |a [260] p. ;   |c 24 cm. 
650 0 0 |a Agriculture   |x Directories 
998 |a JPSM 
999 |a 0000002390   |b Monograph   |c Reference   |e Default branch